Real time marketing : Oreo and Tide.

Professor Tracy Tuten discusses social media marketing and how it challenges the traditional business model. She gives two demonstrations of companies that successfully capitalized on the 24/7 world the internet and social media have opened up.

Bibliographic Details
Format: Video
Language:English
Language Notes:Closed-captions in English.
Published: London, United Kingdom : SAGE Publications Ltd, 2016.
Series:SAGE video shorts.
Subjects:
Online Access:Connect to this streaming video

MARC

Tag First Indicator Second Indicator Subfields
LEADER 00000cgm a2200000Mi 4500
001 in00005516521
006 m o c
007 vz |za|||
007 cr |za||||||||
008 160712s2016 enk007 f o vleng d
005 20241105203146.9
035 |a (OCoLC)on1001624680 
040 |a SGPBL  |b eng  |e rda  |e pn  |c SGPBL  |d OCLCO  |d OCLCF  |d U3W  |d NRC  |d OCLCQ  |d OCLCO  |d OCLCA  |d OCLCO  |d OCLCL 
020 |a 9781473988835  |q (streaming video) 
020 |a 1473988837 
035 |a (OCoLC)1001624680 
041 0 |j eng 
050 4 |a HF5415.1265 
082 0 4 |a 658.872  |2 23 
049 |a TXAM 
245 0 0 |a Real time marketing :  |b Oreo and Tide. 
264 1 |a London, United Kingdom :  |b SAGE Publications Ltd,  |c 2016. 
300 |a 1 online resource (1 video file (7 min., 41 sec.)) :  |b sound, colour 
336 |a two-dimensional moving image  |b tdi  |2 rdacontent 
337 |a computer  |b c  |2 rdamedia 
338 |a online resource  |b cr  |2 rdacarrier 
490 1 |a SAGE video shorts 
511 0 |a Presenter, Tracy Tuten. 
520 8 |a Professor Tracy Tuten discusses social media marketing and how it challenges the traditional business model. She gives two demonstrations of companies that successfully capitalized on the 24/7 world the internet and social media have opened up. 
521 |a Specialized. 
546 |a Closed-captions in English. 
588 0 |a Online resource; title from home page (viewed on July 15, 2016). 
650 0 |a Internet marketing. 
650 0 |a Social media  |x Economic aspects. 
650 6 |a Marketing sur Internet. 
650 6 |a Médias sociaux  |x Aspect économique. 
650 7 |a Internet marketing.  |2 fast  |0 (OCoLC)fst00977272 
650 7 |a Social media  |x Economic aspects.  |2 fast  |0 (OCoLC)fst01767769 
655 2 |a Webcast 
655 7 |a Internet videos.  |2 fast  |0 (OCoLC)fst01750214 
655 7 |a Nonfiction television programs.  |2 fast  |0 (OCoLC)fst01710270 
655 7 |a Nonfiction television programs.  |2 lcgft 
655 7 |a Internet videos.  |2 lcgft 
655 7 |a Émissions télévisées autres que de fiction.  |2 rvmgf 
655 7 |a Vidéos sur Internet.  |2 rvmgf 
700 1 |a Tuten, Tracy L.,  |d 1967-  |e on-screen presenter.  |1 https://id.oclc.org/worldcat/entity/E39PCjJ3rK66MyMjTBdrJRV7gX 
758 |i has work:  |a Real time marketing (MovingImage)  |1 https://id.oclc.org/worldcat/entity/E39PCFHdGVGQbqTYkXvTtbWmtX  |4 https://id.oclc.org/worldcat/ontology/hasWork 
830 0 |a SAGE video shorts. 
856 4 0 |u http://proxy.library.tamu.edu/login?url=https://sk.sagepub.com/video/real-time-marketing-oreo-and-tide  |z Connect to this streaming video  |t 0 
955 |a SAGE Knowledge Video Business and Management 2019 
955 |a SAGE Video Business and Management 
994 |a 92  |b TXA 
999 f f |s 701f013f-f86f-4fa5-a52d-98a3d7d00b33  |i cb97fd77-4189-40d9-ac8e-7c6cb880bb1a  |t 0 
952 f f |a Texas A&M University  |b College Station  |c Electronic Resources  |d Available Online  |t 0  |e HF5415.1265   |h Library of Congress classification 
998 f f |a HF5415.1265   |t 0  |l Available Online